Регионална библиотека "Любен Каравелов" - Русе

За светите мощи (Запис номер 147742)

MARC детайли
000 -Лидер
Контролно поле с фиксирана дължина 02099nam a2200421 c 4500
003 - Код на организацията, давaща контролен номер
Контролно поле BLK
005 - Дата и час на последна редакция
Контролно поле 20180422112810.0
008 - Елементи от данни с фиксирана дължина
fixed length control field 180410b bul|||||r ||||||| ||bul||
010 ## - Наследен системен номер
LC control number KNG00153960000
020 ## - Международен стандартен номер на книга ISBN
Международен стандартен номер на книга ISBN 978-954-92579-4-6
-- издат.: Тола
040 ## - Източник на каталожния запис
Идентификатор на билиотеката - собственик на записа BLK
041 ## - Код за език
Код за езика на текст/звукозапис или на отделно заглавие Български
Код за езика КДБФ Български
072 #7 - Код за тематичната категория
Код организация bullib
Код за тематична категория Н20
Текст Религия. Теология Н
080 ## - УДК
Текстов определител УДК Символика (общи въпроси)
УДК код - определител по УДК 246.6
УДК определител
УДК - код + определител 246.6
080 ## - УДК
Текстов определител УДК Религиозни обряди и тайнства. Ръкополагане в духовен сан, кръщаване, 1-во и последно причастие, венчаване, изповед, освещаване на гражд. сгради, екзорсизъм(като тайнството изцеление на обладан
УДК код - определител по УДК 265
УДК определител
УДК - код + определител 265
100 1# - Редна дума - Автор
Автор Стефанов, Стефан Ненчев
Авторска отговорност първи автор
R(LIN) 329748
139 ## - Редно поле
Редна дума Стефанов, Стефан Ненчев
Авторски знак Сте - С 75
245 10 - Сведения за заглавието
Заглавие За светите мощи
Подзаглавни данни Догматически, богослужебни и духовно-нравствени аспекти
Редно поле (дума) Стефан Ненчев Стефанов; отг. ред. Тотю Косев Тотев; * Павел Георгиев Стефанов.
257 ## - Страна на издаване
Страна на създаване/издаване България
260 ## - Област на издателските данни
-- София
Име на издателя, разпространителя и проч. Тола
Година на издаване 2011
300 ## - Физическа характеристика
Страници 64 с.
Размери/Мащаб 21 см
380 ## - Жанр
Жанр Религия. Теология
500 ## - Общи забележки
Забележка Рез. на англ. ез. / Прев. Павел Стефанов. - Библиогр. с. 59-63
650 #4 - Допълнително описание по предмет – тема
Основно описание – тема или топоним Реликви
9 (RLIN) 169315
650 #4 - Допълнително описание по предмет – тема
Основно описание – тема или топоним Християнство - философско-етични проблеми
9 (RLIN) 249602
653 ## - Ключова дума – ненормативна
Ключова дума мощи
653 ## - Ключова дума – ненормативна
Ключова дума богослужение
653 ## - Ключова дума – ненормативна
Ключова дума християнска етика
653 ## - Ключова дума – ненормативна
Ключова дума християнска символика
659 ## - Тематичен бюлетин
Тематичен бюлетин Н
700 1# - Други автори (авторска отговорност)
Лично име Тотев, Тотю Косев
Автороска отговорност (Описва отношението между автора и произведението) отг. ред.
9 (RLIN) 365651
700 1# - Други автори (авторска отговорност)
Лично име Стефанов, Павел Георгиев
Автороска отговорност (Описва отношението между автора и произведението) *
9 (RLIN) 365346
852 ## - Местоположение
Форматна сигнатура Цб 266806
856 4# - Електронен адрес и достъп
Електронен формат pdf - файл
Път до файла /url/
856 4# - Електронен адрес и достъп
Електронен формат pdf - файл
Път до файла /url/
942 ## - АРТИКУЛИ
Вид на библиотечния материал Книги
Скрит в OPAC Не
944 ## - СЪЗДАВАНЕ И РЕДАКЦИЯ на ЗАПИСА
Създаване/Редакция Създаване
Дата на регистрацията/редакция 27.11.2013
Служител, извършил регистрацията/редакцията Геновева_Генчева
944 ## - СЪЗДАВАНЕ И РЕДАКЦИЯ на ЗАПИСА
Създаване/Редакция Редакция
Дата на регистрацията/редакция 03.09.2014
Служител, извършил регистрацията/редакцията
999 ## - СИСТЕМНИ КОНТРОЛНИ НОМЕРА
Koha biblionumber 147742
Koha biblioitemnumber 147742
Наличности
Код за отписване Код за изгубен артикул Код за повреда Коз за рестрикции Код за отдаване Артикулен № Име на библиотеката - собственик Име на библиотеката, в която се намира в момента Статус (Текущо местоположение) Дата на вписване в системата Местоположение - отдел Цена в лева Инвентарен номер Систематично азбучна сигнатура Баркод Номер на екземпляра Цена в евро Служебна бележка Служебен тип на артикула
  Не е изгубен Не е повреден без рестрикции ползва се в читалня 245615 Регионална библиотека "Любен Каравелов" Русе Регионална библиотека "Любен Каравелов" Русе Хранилище 2013-11-27 Хранилище 6.00 120000772232 Цб 266806 120000772232 1 3.07 Дост: Dp Вид: Д N: 48 Дата: 30.11.2012 Книги
Vip Innovations Ltd, Rousse, Bulgaria 2025